000 00483nam a22001811c 4500
001 00177417943
008 050919s2005 gw a||| 000u ger d
020 _a343011571x
_93-430-11571-x
041 _ager
100 1 _aBruhns, Wibke
245 0 0 _aMeines Vaters Land :
_bGeschichte einer deutschen Familie /
_cWibke Bruhns
250 _a[15. Aufl.]
264 _a[München] :
_bEcon,
_c2005
300 _a385 S. : Ill
942 _cMG
040 _cRU-10907106
003 RU-10907106
999 _c13436
_d13436